[Event "34th European Club Cup 2018"]
[Site "Halkidiki"]
[Date "2018.10.14"]
[Round "3"]
[White "Sprenger, Jan Michael"]
[Black "Beerdsen, Thomas"]
[Result "1-0"]
[WhiteElo "2486"]
[BlackElo "2460"]
[Annotator "ChessBase"]
[PlyCount "53"]
[EventDate "2018.10.12"]
[EventType "team-tourn"]
[EventCountry "GRE"]
[SourceTitle "playchess.com"]
[Source "ChessBase"]
[SourceQuality "1"]
[WhiteTeam "Berlin"]
[BlackTeam "Apeldoorn"]

1. e4 e5 2. Nf3 Nc6 3. Bb5 a6 4. Ba4 Nf6 5. O-O Bc5 6. c3 O-O 7. d4 Ba7 8. Bg5 h6 9. Bh4 exd4 10. e5 g5 11. Bxc6 gxh4 12. Ba4 Ne4 13. cxd4 d5 14. Nc3 Bg4 15. Bc2 Nxc3 16. bxc3 f5 17. Re1 Qe7 18. h3 Bh5 19. Kh1 Qg5 20. Qd3 Qf4 21. Re3 Rae8 22. g3 hxg3 23. fxg3 Qe4 24. Qd2 Bxf3+ 25. Kh2 f4 26. Rxe4 dxe4 27. gxf4 1-0

[Event "34th European Club Cup 2018"]
[Site "Halkidiki"]
[Date "2018.10.14"]
[Round "3"]
[White "Swinkels, Robin"]
[Black "Nikolovski, Nikola"]
[Result "1-0"]
[WhiteElo "2486"]
[BlackElo "2369"]
[Annotator "ChessBase"]
[PlyCount "71"]
[EventDate "2018.10.12"]
[EventType "team-tourn"]
[EventCountry "GRE"]
[SourceTitle "playchess.com"]
[Source "ChessBase"]
[SourceQuality "1"]
[WhiteTeam "Aachen"]
[BlackTeam "Asseco SEE"]

1. c4 e5 2. g3 Be7 3. Bg2 f5 4. Nc3 Nf6 5. d3 O-O 6. e4 fxe4 7. dxe4 Nc6 8. Be3 Bb4 9. Rc1 d6 10. h3 Be6 11. Qd3 Qe8 12. a3 Bc5 13. Nd5 Bxe3 14. Qxe3 Qd7 15. Ne2 Rf7 16. Kf1 Raf8 17. Kg1 Nd8 18. f3 Nh5 19. Kh2 c6 20. Nb4 Rf6 21. Nd3 Rh6 22. g4 Nf4 23. Nexf4 exf4 24. Nxf4 Qf7 25. Ne2 Bxc4 26. Ng3 Be6 27. Rhd1 Qe7 28. Qxa7 Nf7 29. Rxc6 Ng5 30. Rcxd6 Nxh3 31. Nf5 Rxf5 32. exf5 Qh4 33. Qb8+ Kf7 34. Qc7+ Kf6 35. Rxe6+ Kg5 36. Qxg7+ 1-0

[Event "34th European Club Cup 2018"]
[Site "Halkidiki"]
[Date "2018.10.14"]
[Round "3"]
[White "Miljkovic, Miroslav D"]
[Black "Mastrovasilis, Athanasios"]
[Result "1/2-1/2"]
[WhiteElo "2484"]
[BlackElo "2503"]
[Annotator "RC"]
[PlyCount "148"]
[EventDate "2018.10.12"]
[EventType "team-tourn"]
[EventCountry "GRE"]
[SourceTitle "playchess.com"]
[Source "ChessBase"]
[SourceQuality "1"]
[WhiteTeam "Sloven Ruma"]
[BlackTeam "Thessalonikis"]

1. d4 d5 2. c4 e6 3. Nc3 Nf6 4. Bg5 Be7 5. e3 Nbd7 6. Nf3 h6 7. Bh4 O-O 8. cxd5 exd5 9. Bd3 c6 10. Qc2 Re8 11. O-O Ne4 12. Bxe4 Bxh4 13. Bh7+ Kh8 14. Bd3 Be7 15. Rab1 a5 16. a3 Bd6 17. b4 axb4 18. axb4 Nf6 19. b5 Bg4 20. Nd2 c5 21. dxc5 Bxc5 22. Nb3 Bd6 23. Ne2 Rc8 24. Qb2 Be5 25. Nbd4 Bxe2 26. Bxe2 Ne4 27. Bf3 Rc4 28. Rbc1 Ng5 29. Be2 Rxc1 30. Rxc1 Ne6 31. Rd1 Qf6 32. Bf1 Rc8 33. Qd2 Bxd4 34. exd4 b6 35. g3 Ng5 36. Bg2 Nf3+ 37. Bxf3 Qxf3 38. Re1 Kg8 39. Re3 Qf5 40. Kg2 f6 41. Re7 Rc2 42. Qe3 Rb2 43. Rb7 Qe4+ 44. Qxe4 dxe4 45. Rxb6 e3 46. Kf3 exf2 47. Kg2 Rd2 48. Rd6 Kf7 49. Rd7+ Ke6 50. Rxg7 Rxd4 51. Rh7 Rb4 52. Rxh6 Rxb5 53. Kxf2 Kf7 54. Rh4 Rb2+ 55. Kg1 f5 56. Rf4 Kg6 57. Rf2 Rb4 58. Kg2 Kg5 59. Rc2 Ra4 60. h3 Rb4 61. Rc3 Ra4 62. Kf3 Ra6 63. h4+ Kg6 64. Rc4 Rb6 65. Kf4 Kf6 66. Rd4 Ra6 67. Rc4 Rb6 68. Rd4 Ra6 69. Ke3 Ke5 70. h5 Kf6 71. h6 Kg6 72. Rh4 Kh7 73. Rh5 Rxh6 74. Rxf5 Ra6 1/2-1/2

[Event "34th European Club Cup 2018"]
[Site "Halkidiki"]
[Date "2018.10.14"]
[Round "3"]
[White "Alsina Leal, Daniel"]
[Black "Bauer, Christian"]
[Result "1/2-1/2"]
[WhiteElo "2483"]
[BlackElo "2626"]
[Annotator "TA"]
[PlyCount "100"]
[EventDate "2018.10.12"]
[EventType "team-tourn"]
[EventCountry "GRE"]
[SourceTitle "playchess.com"]
[Source "ChessBase"]
[SourceQuality "1"]
[WhiteTeam "White Rose"]
[BlackTeam "Zurich"]

1. e4 c5 2. Nf3 Nc6 3. d4 cxd4 4. Nxd4 Qb6 5. Nb3 Nf6 6. Nc3 e6 7. a3 a6 8. Bf4 Ne7 9. Be3 Qc7 10. f4 d5 11. e5 Ne4 12. Nxe4 dxe4 13. Bc5 Nd5 14. Bxf8 Rxf8 15. Qe2 Nxf4 16. Qxe4 Ng6 17. O-O-O Qxe5 18. Qa4+ b5 19. Qa5 f6 20. Bd3 Kf7 21. Rhe1 Qg5+ 22. Kb1 Kg8 23. Nd4 Ne5 24. Qc7 Nxd3 25. Rxd3 e5 26. Rg3 Qh6 27. Re4 g5 28. Nc6 Qg7 29. Ne7+ Kh8 30. Qc5 Bb7 31. Re1 Rad8 32. h4 Rfe8 33. Nf5 Qd7 34. Nh6 gxh4 35. Rd3 Qg7 36. Rxd8 Rxd8 37. Qb6 Rf8 38. Nf5 Qd7 39. Nxh4 Kg8 40. Qf2 f5 41. Rxe5 Be4 42. Rc5 Rc8 43. Rxc8+ Qxc8 44. Nf3 Qc7 45. Ng5 Qd8 46. Nxe4 Qd1+ 47. Ka2 Qd5+ 48. Kb1 Qxe4 49. g3 Qh1+ 50. Ka2 Qd5+ 1/2-1/2

[Event "34th European Club Cup 2018"]
[Site "Halkidiki"]
[Date "2018.10.14"]
[Round "3"]
[White "Dvirnyy, Danyyil"]
[Black "Vanstreels, Luc"]
[Result "1-0"]
[WhiteElo "2480"]
[BlackElo "2123"]
[Annotator "ChessBase"]
[PlyCount "65"]
[EventDate "2018.10.12"]
[EventType "team-tourn"]
[EventCountry "GRE"]
[SourceTitle "playchess.com"]
[Source "ChessBase"]
[SourceQuality "1"]
[WhiteTeam "Padova"]
[BlackTeam "Eynatten"]

1. c4 e6 2. Nc3 d5 3. d4 Nf6 4. cxd5 exd5 5. Bg5 Be7 6. e3 c6 7. Qc2 O-O 8. Bd3 Nbd7 9. Nf3 Re8 10. O-O h6 11. Bf4 Nh5 12. Nxd5 Nxf4 13. Nxf4 Bd6 14. Ne2 c5 15. Rfd1 Qe7 16. Rac1 b6 17. Bb5 Rd8 18. dxc5 Nxc5 19. Ned4 Bb7 20. Bc6 Qc7 21. Bxb7 Qxb7 22. b4 Ne4 23. Nc6 Re8 24. Rd4 f5 25. Nd2 Qc7 26. Nxe4 Bxh2+ 27. Kh1 fxe4 28. Qd1 Qf7 29. Kxh2 Qxf2 30. Rxe4 Qxa2 31. Re7 Kh8 32. Qg4 Qb2 33. Qd4 1-0

[Event "34th European Club Cup 2018"]
[Site "Halkidiki"]
[Date "2018.10.14"]
[Round "3"]
[White "Salomon, Johan"]
[Black "Uruci, Endrit"]
[Result "1-0"]
[WhiteElo "2477"]
[BlackElo "2177"]
[Annotator "ChessBase"]
[PlyCount "85"]
[EventDate "2018.10.12"]
[EventType "team-tourn"]
[EventCountry "GRE"]
[SourceTitle "playchess.com"]
[Source "ChessBase"]
[SourceQuality "1"]
[WhiteTeam "Nordstrand"]
[BlackTeam "Dardania"]

1. e4 e5 2. Nf3 Nf6 3. Nxe5 d6 4. Nf3 Nxe4 5. Bd3 Nf6 6. O-O Be7 7. c3 O-O 8. Bc2 Bg4 9. d4 Bh5 10. Re1 Re8 11. Bg5 Nbd7 12. Nbd2 d5 13. Nf1 Ne4 14. Bxe7 Rxe7 15. Ng3 Nxg3 16. hxg3 Nf6 17. Qd2 Bg6 18. Bxg6 hxg6 19. Qf4 Rxe1+ 20. Rxe1 Qd7 21. Ng5 Re8 22. Re5 Rxe5 23. dxe5 Ne4 24. e6 fxe6 25. Nxe4 dxe4 26. Qxe4 Qd1+ 27. Kh2 Qh5+ 28. Qh4 Qf5 29. Qd8+ Kh7 30. f3 c6 31. Qh4+ Kg8 32. Qd8+ Kh7 33. Qe7 b6 34. b3 a5 35. Qh4+ Qh5 36. Kh3 Kh6 37. Qxh5+ Kxh5 38. g4+ Kg5 39. Kg3 e5 40. c4 Kh6 41. f4 g5 42. f5 g6 43. f6 1-0

[Event "34th European Club Cup 2018"]
[Site "Halkidiki"]
[Date "2018.10.14"]
[Round "3"]
[White "Baldauf, Marco"]
[Black "Van Delft, Merijn"]
[Result "1-0"]
[WhiteElo "2472"]
[BlackElo "2381"]
[Annotator "ChessBase"]
[PlyCount "67"]
[EventDate "2018.10.12"]
[EventType "team-tourn"]
[EventCountry "GRE"]
[SourceTitle "playchess.com"]
[Source "ChessBase"]
[SourceQuality "1"]
[WhiteTeam "Berlin"]
[BlackTeam "Apeldoorn"]

1. d4 d5 2. c4 c6 3. Nc3 Nf6 4. e3 e6 5. Nf3 Nbd7 6. Qc2 Bd6 7. Bd3 O-O 8. O-O dxc4 9. Bxc4 e5 10. Bb3 Qe7 11. Bd2 a5 12. a4 Bc7 13. h3 h6 14. Nh4 exd4 15. exd4 Qd6 16. g3 Nb6 17. Bf4 Qd8 18. Bxh6 Nfd5 19. Bd2 Bxh3 20. Rfe1 Qd7 21. Ne4 Bd8 22. Nc5 Qc8 23. Qe4 Nd7 24. Nd3 N7f6 25. Qh1 Bb6 26. Nf3 Bf5 27. Nde5 Ne4 28. Be3 Qd8 29. Rad1 Qf6 30. g4 Nxe3 31. Rxe3 Bh7 32. Nd7 Qf4 33. Nxb6 Rae8 34. Rde1 1-0

[Event "34th European Club Cup 2018"]
[Site "Halkidiki"]
[Date "2018.10.14"]
[Round "3"]
[White "Koch, Thomas"]
[Black "Vallejo Pons, Francisco"]
[Result "0-1"]
[WhiteElo "2467"]
[BlackElo "2713"]
[Annotator "TA"]
[PlyCount "78"]
[EventDate "2018.10.12"]
[EventType "team-tourn"]
[EventCountry "GRE"]
[SourceTitle "playchess.com"]
[Source "ChessBase"]
[SourceQuality "1"]
[WhiteTeam "Eynatten"]
[BlackTeam "Padova"]

1. d4 Nf6 2. c4 e6 3. Nf3 c5 4. d5 exd5 5. cxd5 d6 6. Nc3 g6 7. Nd2 Bg7 8. e4 O-O 9. Be2 Re8 10. O-O Na6 11. Rb1 Rb8 12. a3 Bd7 13. Re1 b5 14. a4 Nc7 15. axb5 Nxb5 16. Bxb5 Bxb5 17. Nf3 a5 18. h3 Ba6 19. Bf4 Rb4 20. Qc2 Rc4 21. b3 Rxc3 22. Qxc3 Nxd5 23. Qd2 Nc3 24. Qxd6 Qxd6 25. Bxd6 Nxb1 26. Rxb1 Bd3 27. Rc1 c4 28. bxc4 Bxe4 29. Bc5 a4 30. Bd4 a3 31. Bxg7 Kxg7 32. Ra1 Bxf3 33. gxf3 Ra8 34. Kf1 Kf6 35. Ke2 Ke5 36. Kd3 a2 37. Kc3 Kd6 38. Kb4 Kc6 39. c5 Ra7 0-1

[Event "34th European Club Cup 2018"]
[Site "Halkidiki"]
[Date "2018.10.14"]
[Round "3"]
[White "Lazic, Miroljub"]
[Black "Kalogeris, Ioannis"]
[Result "0-1"]
[WhiteElo "2466"]
[BlackElo "2351"]
[Annotator "TA"]
[PlyCount "128"]
[EventDate "2018.10.12"]
[EventType "team-tourn"]
[EventCountry "GRE"]
[SourceTitle "playchess.com"]
[Source "ChessBase"]
[SourceQuality "1"]
[WhiteTeam "Sloven Ruma"]
[BlackTeam "Thessalonikis"]

1. Nf3 c5 2. b3 Nc6 3. Bb2 e6 4. e3 Nf6 5. c4 Be7 6. Be2 O-O 7. O-O d5 8. d3 b6 9. a3 Bb7 10. Nbd2 Qb8 11. Rc1 Rd8 12. Qc2 e5 13. cxd5 Nxd5 14. Rfd1 h6 15. Nf1 Bf8 16. Ng3 Re8 17. Nd2 Qd8 18. Bf3 Qd7 19. Qb1 g6 20. Nc4 b5 21. a4 b4 22. Ne4 Rac8 23. Ned6 Bxd6 24. Bxd5 Bf8 25. Bf3 Bg7 26. Nd2 Na5 27. Bxb7 Qxb7 28. Qc2 Qd5 29. Nc4 Nc6 30. Qe2 Red8 31. Rd2 Rd7 32. Rcd1 Kh7 33. h4 h5 34. g4 Bf6 35. gxh5 Rh8 36. Qg4 Kg7 37. e4 Qe6 38. Qxe6 fxe6 39. hxg6 Rh5 40. Kf1 Ne7 41. Rc2 Nxg6 42. Bc1 Rxh4 43. Ke2 Rh3 44. Be3 Nf4+ 45. Bxf4 exf4 46. Rg1+ Kh6 47. e5 Bg7 48. Rg4 f3+ 49. Ke3 Kh5 50. Rxg7 Rxg7 51. Nd6 Rg1 52. Rxc5 Re1+ 53. Kf4 Rh4+ 54. Kxf3 Rh3+ 55. Kf4 Rg1 56. f3 Rf1 57. Ke4 Rfxf3 58. Ra5 Kg4 59. Kd4 Rxd3+ 60. Kc4 Rxb3 61. Rxa7 Kf4 62. a5 Kxe5 63. Nb5 Rb1 64. a6 b3 0-1

[Event "34th European Club Cup 2018"]
[Site "Halkidiki"]
[Date "2018.10.14"]
[Round "3"]
[White "Bokros, Albert"]
[Black "Novik, Maxim"]
[Result "1-0"]
[WhiteElo "2465"]
[BlackElo "2461"]
[Annotator "ChessBase"]
[PlyCount "111"]
[EventDate "2018.10.12"]
[EventType "team-tourn"]
[EventCountry "GRE"]
[SourceTitle "playchess.com"]
[Source "ChessBase"]
[SourceQuality "1"]
[WhiteTeam "Dunajska Streda"]
[BlackTeam "Overtime"]

1. e4 c5 2. Nf3 Nc6 3. d4 cxd4 4. Nxd4 e5 5. Nb5 Nf6 6. N1c3 d6 7. Bg5 a6 8. Na3 b5 9. Nd5 Be7 10. Bxf6 Bxf6 11. c4 b4 12. Nc2 a5 13. g3 Bg5 14. Bg2 O-O 15. O-O Be6 16. Qd3 Ne7 17. Nce3 Nxd5 18. Nxd5 Rc8 19. b3 Bxd5 20. Qxd5 Rc5 21. Qd3 Qc7 22. Rad1 Rd8 23. h4 Bf6 24. Qe3 Qe7 25. Bh3 Kf8 26. Rd5 Qc7 27. Bf5 g6 28. Bh3 Kg7 29. Kg2 Rxd5 30. cxd5 Qc3 31. Qxc3 bxc3 32. Rc1 Rb8 33. Rxc3 Rb4 34. Rc7 Kf8 35. Rc8+ Ke7 36. Ra8 a4 37. Rxa4 Rxa4 38. bxa4 Ke8 39. a5 Bd8 40. a6 Bb6 41. f4 f6 42. f5 Kf7 43. fxg6+ Kxg6 44. Bf5+ Kg7 45. Kf3 h6 46. Kg4 Bc5 47. Bd7 Kg6 48. Be8+ Kg7 49. Kf5 Kf8 50. Bh5 Ke7 51. Be2 Kf7 52. a4 Bb6 53. a5 Bc5 54. Bh5+ Ke7 55. Kg6 Be3 56. Be2 1-0

[Event "34th European Club Cup 2018"]
[Site "Halkidiki"]
[Date "2018.10.14"]
[Round "3"]
[White "Pijpers, Arthur"]
[Black "Jakubiec, Artur"]
[Result "1-0"]
[WhiteElo "2465"]
[BlackElo "2508"]
[Annotator "ChessBase"]
[PlyCount "73"]
[EventDate "2018.10.12"]
[EventType "team-tourn"]
[EventCountry "GRE"]
[SourceTitle "playchess.com"]
[Source "ChessBase"]
[SourceQuality "1"]
[WhiteTeam "Leiden"]
[BlackTeam "Wirtzfeld"]

1. e4 c6 2. d4 d5 3. e5 c5 4. dxc5 Nc6 5. Nf3 Bg4 6. Bb5 Qa5+ 7. Nc3 e6 8. Bd2 Qc7 9. b4 a5 10. a3 Bxf3 11. gxf3 Qxe5+ 12. Qe2 Qh5 13. f4 Nf6 14. Qxh5 Nxh5 15. bxa5 Rxa5 16. Nxd5 Ra7 17. Nb4 Bxc5 18. Nxc6 bxc6 19. Bxc6+ Ke7 20. Bf3 Nf6 21. a4 Nd5 22. a5 Nb4 23. Be4 f5 24. c3 Nd5 25. Bf3 Rc8 26. Ke2 Bd6 27. Bxd5 exd5 28. Rhb1 Kd7 29. Rb5 Bc5 30. a6 Raa8 31. Raa5 Bd6 32. Rxd5 g6 33. Kd3 Ke6 34. c4 Rc6 35. a7 Bc7 36. Ra4 Bb6 37. Be3 1-0

[Event "34th European Club Cup 2018"]
[Site "Halkidiki"]
[Date "2018.10.14"]
[Round "3"]
[White "Liiva, Riho"]
[Black "Chanda, Sandipan"]
[Result "0-1"]
[WhiteElo "2456"]
[BlackElo "2535"]
[Annotator "ChessBase"]
[PlyCount "76"]
[EventDate "2018.10.12"]
[EventType "team-tourn"]
[EventCountry "GRE"]
[SourceTitle "playchess.com"]
[Source "ChessBase"]
[SourceQuality "1"]
[WhiteTeam "Reval"]
[BlackTeam "Solingen"]

1. e4 c6 2. d4 d5 3. exd5 cxd5 4. Bf4 Nc6 5. c3 Bf5 6. Nf3 e6 7. Qb3 Qd7 8. Nh4 Be4 9. Nd2 Bd6 10. Bxd6 Qxd6 11. Be2 Nge7 12. O-O Ng6 13. Nhf3 Bf5 14. Rfe1 O-O 15. Bf1 Rab8 16. a4 h5 17. Qd1 h4 18. Nb3 Bg4 19. h3 Bh5 20. Be2 Bxf3 21. Bxf3 b5 22. Nc1 b4 23. Nd3 Nf4 24. Nxf4 Qxf4 25. c4 Rfd8 26. cxd5 exd5 27. Qc1 Qf6 28. Qc5 Nxd4 29. Bd1 b3 30. Rc1 Qf4 31. Bg4 Nc2 32. Red1 d4 33. Qxa7 d3 34. a5 d2 35. Rb1 Re8 36. Rf1 Re1 37. Rd1 Rbe8 38. Qd7 Qc4 0-1

[Event "34th European Club Cup 2018"]
[Site "Halkidiki"]
[Date "2018.10.14"]
[Round "3"]
[White "Elsness, Frode"]
[Black "Indjic, Aleksandar"]
[Result "0-1"]
[WhiteElo "2450"]
[BlackElo "2604"]
[Annotator "TA"]
[PlyCount "70"]
[EventDate "2018.10.12"]
[EventType "team-tourn"]
[EventCountry "GRE"]
[SourceTitle "playchess.com"]
[Source "ChessBase"]
[SourceQuality "1"]
[WhiteTeam "SK Oslo"]
[BlackTeam "Itaka"]

1. d4 Nf6 2. c4 e6 3. Nf3 c5 4. d5 d6 5. Nc3 exd5 6. cxd5 g6 7. h3 a6 8. a4 Qe7 9. Bf4 Bg7 10. e3 O-O 11. Be2 Nbd7 12. O-O Ne8 13. a5 Rb8 14. Bh2 b5 15. axb6 Rxb6 16. Qc2 Ne5 17. Nd2 Nc7 18. Ra5 Rb4 19. b3 Bf5 20. e4 Bc8 21. Rd1 Rd4 22. Bf4 f5 23. Be3 f4 24. Bxd4 cxd4 25. Ncb1 d3 26. Bxd3 f3 27. Bf1 fxg2 28. Bxg2 Bxh3 29. Bxh3 Qh4 30. Nf1 Qxh3 31. Nh2 Bh6 32. Qc3 Nf3+ 33. Nxf3 Rxf3 34. Qxc7 Rg3+ 35. fxg3 Be3# 0-1

[Event "34th European Club Cup 2018"]
[Site "Halkidiki"]
[Date "2018.10.14"]
[Round "3"]
[White "Kaczmarczyk, Dennis"]
[Black "Matovic, Mihajlo Z"]
[Result "1-0"]
[WhiteElo "2442"]
[BlackElo "2234"]
[Annotator "NA"]
[PlyCount "105"]
[EventDate "2018.10.12"]
[EventType "team-tourn"]
[EventCountry "GRE"]
[SourceTitle "playchess.com"]
[Source "ChessBase"]
[SourceQuality "1"]
[WhiteTeam "Winterthur"]
[BlackTeam "Partizan"]

1. d4 Nf6 2. c4 e6 3. g3 d5 4. Bg2 Be7 5. Nf3 O-O 6. O-O Nbd7 7. Qc2 c6 8. Rd1 b6 9. b3 a5 10. Nbd2 Bb7 11. e4 Rc8 12. Bb2 Qc7 13. Rac1 Qb8 14. e5 Ne8 15. cxd5 cxd5 16. Qb1 Nc7 17. h4 h6 18. Nf1 b5 19. Ne3 b4 20. Qd3 Nb6 21. Ba1 Ba6 22. Qd2 Nb5 23. a4 Na3 24. Bf1 Qb7 25. Bd3 Rxc1 26. Rxc1 Rc8 27. Rxc8+ Qxc8 28. Bxa6 Qxa6 29. Qd1 Qc8 30. Ne1 Qc6 31. Bb2 f5 32. exf6 Bxf6 33. Ng4 Nd7 34. Qe2 Nb1 35. Nc2 h5 36. Nge3 g6 37. Qd3 Kg7 38. Nxb4 axb4 39. Qxb1 Qa6 40. Qc2 Qa7 41. Qc6 Nf8 42. Nc2 Qb8 43. Bc1 Qa7 44. Be3 Kf7 45. Qb5 Qc7 46. Nxb4 Qc3 47. Nc6 Qe1+ 48. Kg2 Qb1 49. a5 Qe4+ 50. Kh2 Bxh4 51. Ne5+ Kg8 52. gxh4 Qxh4+ 53. Kg1 1-0

[Event "34th European Club Cup 2018"]
[Site "Halkidiki"]
[Date "2018.10.14"]
[Round "3"]
[White "Malikentzos, Sotirios"]
[Black "Kosic, Dragan"]
[Result "1/2-1/2"]
[WhiteElo "2441"]
[BlackElo "2470"]
[Annotator "TA"]
[PlyCount "175"]
[EventDate "2018.10.12"]
[EventType "team-tourn"]
[EventCountry "GRE"]
[SourceTitle "playchess.com"]
[Source "ChessBase"]
[SourceQuality "1"]
[WhiteTeam "Thessalonikis"]
[BlackTeam "Sloven Ruma"]

1. g3 c5 2. Bg2 Nc6 3. c4 g6 4. Nc3 Bg7 5. Nf3 d6 6. O-O Nf6 7. d4 cxd4 8. Nxd4 Bd7 9. Nc2 Qc8 10. Bg5 h6 11. Bxf6 Bxf6 12. Qd2 Bg7 13. Rfd1 Bh3 14. Bh1 O-O 15. Ne3 Re8 16. Rac1 Nd4 17. Nb5 Nxb5 18. cxb5 Qd7 19. Nd5 Rab8 20. a4 g5 21. Rc7 Qd8 22. Rdc1 e6 23. Nb4 d5 24. Nd3 Bf5 25. b3 Re7 26. R7c2 Qd6 27. Qe3 Qb6 28. Rc5 Bxd3 29. Qxd3 Ree8 30. e3 Bf8 31. R5c2 a6 32. Bf3 axb5 33. axb5 Rbd8 34. Bh5 Re7 35. Kg2 Bg7 36. Rc8 Qd6 37. R1c5 Red7 38. Qc2 Bf8 39. Rxd8 Rxd8 40. Rc7 Rd7 41. b6 Re7 42. Rxe7 Qxe7 43. Qc7 Kg7 44. Be2 e5 45. Bg4 e4 46. Qxe7 Bxe7 47. Bc8 Bc5 48. Bxb7 d4 49. exd4 Bxd4 50. Bxe4 Bxb6 51. b4 Kf6 52. Bd5 Ke7 53. f3 f6 54. b5 Kd6 55. Bc6 Ke5 56. Kh3 f5 57. Be8 Be3 58. Kg2 Bb6 59. Kf1 Bc5 60. Ke2 Kd4 61. Bc6 f4 62. gxf4 gxf4 63. Bd7 Bb6 64. Kf1 Ke5 65. Kg2 Kf6 66. h4 Ke7 67. Bg4 Kf6 68. Bh5 Kf5 69. Kh3 Bf2 70. Bf7 Kf6 71. Be8 Kf5 72. Bd7+ Kg6 73. Kg4 Be3 74. Be8+ Kf6 75. Bc6 Kg6 76. Be4+ Kf6 77. Bd3 Ke5 78. Be4 Kf6 79. Kh5 Bf2 80. Bb1 Ke5 81. b6 Bxb6 82. Kxh6 Kf6 83. Ba2 Bf2 84. h5 Bd4 85. Kh7 Kg5 86. Bf7 Bc3 87. Bg6 Bd4 88. Kg8 1/2-1/2

[Event "34th European Club Cup 2018"]
[Site "Halkidiki"]
[Date "2018.10.14"]
[Round "3"]
[White "Van Haastert, Edwin"]
[Black "Hautot, Stephane"]
[Result "1-0"]
[WhiteElo "2437"]
[BlackElo "2331"]
[Annotator "TA"]
[PlyCount "43"]
[EventDate "2018.10.12"]
[EventType "team-tourn"]
[EventCountry "GRE"]
[SourceTitle "playchess.com"]
[Source "ChessBase"]
[SourceQuality "1"]
[WhiteTeam "Leiden"]
[BlackTeam "Wirtzfeld"]

1. e4 d6 2. d4 Nf6 3. Nc3 e5 4. dxe5 dxe5 5. Qxd8+ Kxd8 6. Bg5 Be6 7. g3 h6 8. Bxf6+ gxf6 9. f4 exf4 10. gxf4 f5 11. O-O-O+ Nd7 12. Bh3 Bd6 13. exf5 Bxf4+ 14. Kb1 Bc4 15. Rd4 Be3 16. Rxc4 Nf6 17. Nf3 a6 18. a4 Re8 19. Rd1+ Kc8 20. Re1 Kd7 21. Rd1+ Kc8 22. Nd5 1-0

[Event "34th European Club Cup 2018"]
[Site "Halkidiki"]
[Date "2018.10.14"]
[Round "3"]
[White "Ris, Robert"]
[Black "Samoun, Florent"]
[Result "1-0"]
[WhiteElo "2435"]
[BlackElo "2322"]
[Annotator "TA"]
[PlyCount "171"]
[EventDate "2018.10.12"]
[EventType "team-tourn"]
[EventCountry "GRE"]
[SourceTitle "playchess.com"]
[Source "ChessBase"]
[SourceQuality "1"]
[WhiteTeam "BSG"]
[BlackTeam "Bois-Colombes"]

1. e4 c5 2. Nf3 Nc6 3. Bb5 g6 4. O-O Bg7 5. Bxc6 bxc6 6. Re1 e5 7. b4 cxb4 8. a3 bxa3 9. d4 d6 10. Bxa3 Bg4 11. Nbd2 Be6 12. d5 cxd5 13. exd5 Bxd5 14. c4 Bc6 15. c5 Nf6 16. cxd6 Nd7 17. Nd4 Bb7 18. Nb5 O-O 19. Nc7 Rb8 20. Ne4 Qh4 21. Bc1 Bxe4 22. g3 Qf6 23. Rxe4 Rb6 24. Nd5 Qxd6 25. Ba3 Nc5 26. Bxc5 Qxc5 27. Nxb6 axb6 28. Rc1 Qa5 29. Qd7 Qa6 30. Rec4 h5 31. Rc8 Qe2 32. R8c2 Qf3 33. Rc3 Qe2 34. Re3 Qg4 35. Qd5 h4 36. Rc4 Qg5 37. Rxh4 Rd8 38. Qf3 Qe7 39. Rd3 Rxd3 40. Qxd3 Bf8 41. Qd5 Qc5 42. Qxc5 Bxc5 43. Ra4 Kg7 44. Kf1 f5 45. f3 Kf6 46. Ke2 Kg7 47. Kd3 Bg1 48. Ra2 Kf6 49. Rg2 Bc5 50. h4 Kf7 51. g4 b5 52. Rc2 Be7 53. g5 Bb4 54. Rc7+ Kg8 55. Ke2 e4 56. fxe4 fxe4 57. Rb7 e3 58. Rxb5 Bd2 59. Rb7 Kf8 60. Rc7 Kg8 61. Re7 Kf8 62. Re4 Bc1 63. Kf3 Bd2 64. Kg4 Kf7 65. h5 gxh5+ 66. Kxh5 Kg7 67. Kg4 Kg6 68. Re6+ Kg7 69. Kf5 Kf7 70. Re4 Kg7 71. g6 Kf8 72. Kf6 Bc3+ 73. Kg5 e2 74. Rxe2 Kg8 75. Re8+ Kg7 76. Re7+ Kg8 77. Rd7 Bb2 78. Kf5 Bc3 79. Kg4 Bb2 80. Kh5 Bc1 81. g7 Kh7 82. Rf7 Bd2 83. g8=Q+ Kxg8 84. Kg6 Bb4 85. Rb7 Bd6 86. Rd7 1-0

[Event "34th European Club Cup 2018"]
[Site "Halkidiki"]
[Date "2018.10.14"]
[Round "3"]
[White "Thorfinnsson, Bragi"]
[Black "Mamedov, Rauf"]
[Result "0-1"]
[WhiteElo "2433"]
[BlackElo "2699"]
[Annotator "TA"]
[PlyCount "110"]
[EventDate "2018.10.12"]
[EventType "team-tourn"]
[EventCountry "GRE"]
[SourceTitle "playchess.com"]
[Source "ChessBase"]
[SourceQuality "1"]
[WhiteTeam "Reykjavik"]
[BlackTeam "Odlar Yurdu"]

1. d4 Nf6 2. Nf3 g6 3. Bf4 d6 4. e3 Bg7 5. h3 O-O 6. Be2 b6 7. O-O Bb7 8. a4 a6 9. a5 b5 10. c4 Nbd7 11. cxb5 axb5 12. b4 Nd5 13. Bxb5 c6 14. Be2 Nxb4 15. Ra4 Nd5 16. a6 Bc8 17. Qc2 c5 18. Bg5 h6 19. Bh4 N7b6 20. Ra3 Nb4 21. Qe4 Ra7 22. dxc5 dxc5 23. Nc3 Bf5 24. Qf4 Nd3 25. Qh2 Nc4 26. Rb3 Na5 27. Ra3 c4 28. e4 Be6 29. Rd1 Rxa6 30. Bxd3 cxd3 31. Nd5 Bxd5 32. Raxd3 g5 33. Rxd5 Qa8 34. Bg3 Nc4 35. Kh1 e6 36. Rc5 Nb2 37. Rb1 Qxe4 38. Qg1 Nd3 39. Rcb5 Ra2 40. Ne1 Nb2 41. Rc1 Na4 42. f3 Qe2 43. Rb3 Rd8 44. Qe3 Qf1+ 45. Qg1 Qa6 46. Bf2 Qe2 47. Ba7 Nc3 48. Bb6 Rd1 49. Be3 Rxc1 50. Bxc1 Ra1 51. Rb8+ Kh7 52. Rb2 Rxc1 53. Rxe2 Nxe2 54. Qe3 Rxe1+ 55. Kh2 Bd4 0-1

[Event "34th European Club Cup 2018"]
[Site "Halkidiki"]
[Date "2018.10.14"]
[Round "3"]
[White "Bagi, Mate"]
[Black "Marinskii, Yurii"]
[Result "1-0"]
[WhiteElo "2432"]
[BlackElo "2166"]
[Annotator "NA"]
[PlyCount "57"]
[EventDate "2018.10.12"]
[EventType "team-tourn"]
[EventCountry "GRE"]
[SourceTitle "playchess.com"]
[Source "ChessBase"]
[SourceQuality "1"]
[WhiteTeam "Dunajska Streda"]
[BlackTeam "Overtime"]

1. e4 c5 2. Nf3 g6 3. d4 cxd4 4. Nxd4 Nf6 5. Nc3 d6 6. Be3 Bg7 7. f3 O-O 8. Qd2 d5 9. e5 Ne8 10. f4 f6 11. Nf3 e6 12. O-O-O Nc6 13. h4 fxe5 14. fxe5 Nxe5 15. Nxe5 Bxe5 16. h5 Qf6 17. hxg6 hxg6 18. Kb1 Nd6 19. Bd3 Bf4 20. Rdf1 Bxe3 21. Qxe3 Nf5 22. Bxf5 exf5 23. Nxd5 Qg7 24. Rh6 Kf7 25. Qe7+ Kg8 26. Qg5 Kf7 27. Rfh1 Ke6 28. Rxg6+ Qxg6 29. Nf4+ 1-0